000 00639nam a22001937a 4500
999 _c33344
_d33344
003 OSt
005 20220921224137.0
008 220921b ||||| |||| 00| 0 eng d
020 _a978-99961-89-57-9
040 _aBMC
_cBMC
082 _a972.84052
245 0 0 _aMiradas para repensar el siglo XX: El Salvador 1880-1990
_b: historiografía contemporánea
250 _a1ª ed
260 _aSan Salvador, El Salvador
_bMinisterio de Educación
_c2018
_eTalleres Gráficos UCA
300 _a333 p.
_c23 cm
490 _aBiblioteca Escolar Presidencial
_v13
651 0 _95370
_aEl Salvador
_xHistoria
_yS.XX
942 _2ddc
_cBK
_hprozim